100 Biggest Cities of Bolivia on a Map - Statistics

General Stats
  • This quiz has been taken 77 times
  • The average score is 11 of 100
Answers on the Map
Answers color-coded by a green-red scale on the quiz's map according to % correct below.
 
Answer Stats
Population City % Correct
757,184 La Paz
98%
237,480 Sucre
91%
1,441,406 Santa Cruz de la Sierra
87%
630,587 Cochabamba
68%
842,378 El Alto
64%
174,973 Potosí
62%
264,683 Oruro
55%
179,528 Tarija
34%
101,454 Trinidad
26%
18,068 Uyuni
23%
42,849 Cobija
15%
13,446 Rurrenabaque
15%
149,563 Sacaba
15%
61,844 Yacuíba
15%
107,294 Montero
13%
12,178 Santa Ana del Yacuma
13%
77,668 Warnes
13%
5,579 Copacabana
11%
117,859 Quillacollo
11%
78,754 Riberalta
11%
11,874 San José de Chiquitos
11%
27,302 Tupiza
11%
62,516 Viacha
11%
28,855 Camiri
9%
9,868 Concepción
9%
35,764 Guayaramerín
9%
25,166 Llallagua
9%
11,197 Patacamaya
9%
11,071 Puerto Quijarro
9%
16,643 Puerto Suárez
9%
10,098 Roboré
9%
10,054 San Ignacio de Moxos
9%
6,267 San Matías
9%
35,167 Villazón
9%
7,863 Aiquile
8%
5,173 Camargo
8%
13,569 Caranavi
8%
8,362 Cliza
8%
19,482 Cotoca
8%
76,123 La Guardia
8%
19,559 Punata
8%
23,126 San Ignacio de Velasco
8%
5,401 San Juan de Yapacaní
8%
6,398 San Ramón
8%
10,158 Vallegrande
8%
30,228 Villamontes
8%
18,442 Achocalla
6%
6,376 Apolo
6%
29,459 Bermejo
6%
4,405 Buena Vista
6%
12,684 Challapata
6%
51,896 Colcapirhua
6%
18,340 Mineros
6%
9,850 Pailón
6%
5,478 Palos Blancos
6%
14,091 Portachuelo
6%
7,202 Reyes
6%
17,520 San Borja
6%
4,556 San Joaquín
6%
8,454 Santa Fe de Yapacaní
6%
4,727 Santa Rosa de Yacuma
6%
49,237 Tiquipaya
6%
40,786 Vinto
6%
4,693 Yucumo
6%
8,857 Achacachi
4%
5,335 Arbieto
4%
5,935 Colquiri
4%
5,964 El Paso
4%
17,130 El Torno
4%
8,255 Ivirgarzama
4%
4,575 La Bélgica
4%
5,874 Lahuachaca
4%
5,516 Magdalena
4%
6,344 Okinawa Uno
4%
7,119 San Javier
4%
20,687 San Julián
4%
11,826 Sipe Sipe
4%
30,952 Yapacaní
4%
5,356 Caracollo
2%
6,219 Chimoré
2%
5,315 Comarapa
2%
7,347 Entre Ríos
2%
20,336 Huanuni
2%
6,756 Mairana
2%
9,135 Monteagudo
2%
8,310 San Benito
2%
4,620 San Carlos
2%
5,834 Siglo XX
2%
8,902 Uncía
2%
5,302 Arroyo Concepción
0%
19,254 Ascención de Guarayos
0%
4,632 Betanzos
0%
5,264 Capinota
0%
8,195 Cuatro Cañadas
0%
4,611 General Saavedra
0%
6,611 Pandoja
0%
5,287 Porco
0%
5,273 Puesto Fernandez Alonzo
0%
5,238 Santa Rosa del Sara
0%
5,669 Shinahota
0%
No matching quizzes found
Score Distribution
Percent of People with Each Score
Percentile by Number Answered
Your Score History
You have not taken this quiz